Statistiques concernant Champions et vice-champions de France de football (de 1960 à 1979)

Cliquez ici pour prendre le quiz!

Statistiques générales

  • Ce quiz a été pris 172 fois
  • Le résultat moyen est 35 sur 40

Statistiques - réponses

AnnéeChampion et vice-champion% Correct
1970Olympique de Marseille (45)
96%
1975Olympique de Marseille (49)
96%
1971Olympique de Marseille (55)
96%
1972Olympique de Marseille (56)
96%
1964AS Saint-Etienne (44)
93%
1971AS Saint-Etienne (51)
93%
1969AS Saint-Etienne (53)
93%
1967AS Saint-Etienne (54)
93%
1970AS Saint-Etienne (56)
93%
1976AS Saint-Etienne (57)
93%
1968AS Saint-Etienne (57)
93%
1975AS Saint-Etienne (58)
93%
1974AS Saint-Etienne (66)
93%
1965Girondins de Bordeaux (41)
93%
1969Girondins de Bordeaux (51)
93%
1966Girondins de Bordeaux (53)
93%
1965FC Nantes (43)
89%
1967FC Nantes (50)
89%
1978FC Nantes (52)
89%
1979FC Nantes (54)
89%
1973FC Nantes (55)
89%
1974FC Nantes (58)
89%
1977FC Nantes (58)
89%
1966FC Nantes (60)
89%
1968OGC Nice (46)
88%
1973OGC Nice (50)
88%
1976OGC Nice (54)
88%
1964AS Monaco (41)
85%
1963AS Monaco (50)
85%
1978AS Monaco (53)
85%
1961AS Monaco (57)
85%
1977RC Lens (49)
84%
1962RC Paris (48)
82%
1961RC Paris (56)
82%
1979RC Strasbourg (56)
82%
1963Stade de Reims (47)
77%
1962Stade de Reims (48)
77%
1960Stade de Reims (60)
77%
1972Nîmes Olympique (51)
39%
1960Nîmes Olympique (53)
39%

Distribution des résultats

Percentile par nombre de réponses

% des personnes avec chaque résultat

Votre développement - résultats

Vous n’avez pas pris ce quiz